000 00478nam a2200181Ia 4500
005 20260429112224.0
008 260429s9999||||xx |||||||||||||| ||und||
020 _a9788196097196
041 _aEnglish
082 _a510
_bTHA
100 _aThakur, Anjani Kumar
245 0 _aModern world mathematics /
_cAnjani Kumar Thakur
250 _a1st ed.
260 _aNew Delhi :
_bRandom Publications,
_c2023.
300 _axi, 260 p.; hb
650 _aMathematics
942 _cTB
999 _c52975
_d52975